000
00259nam a22000977a 4500
008
160512b xxu||||| |||| 00| 0 eng d
041
_a
eng
080
_a
616.12
245
_a
Autopsy diagnosis of congenitally malformed hearts:
_c
Maurice Liv M.D;
942
_2
udc
_c
BK
999
_c
2105
_d
2105